[Event "45th Olympiad 2024"]
[Site "Budapest HUN"]
[Date "2024.09.14"]
[Round "4.39"]
[Board "3"]
[White "Almiron, Antonio"]
[Black "Mendez Machado, Andre"]
[Result "1-0"]
[WhiteElo "2312"]
[BlackElo "2122"]
[PlyCount "141"]
[EventDate "2024.09.11"]
[WhiteTeam "Paraguay"]
[BlackTeam "Panama"]
[WhiteTeamCountry "PAR"]
[BlackTeamCountry "PAN"]

1. d4 Nf6 2. c4 e6 3. Nf3 d5 4. Nc3 Bb4 5. Qa4+ Nc6 6. e3 O-O 7. Qc2 Re8 8. Bd2 a6 9. a3 Bf8 10. Be2 b6 11. cxd5 exd5 12. O-O Bb7 13. Bd3 Bd6 14. h3 $146 ({RR} 14. b4 Nb8 15. b5 a5 16. a4 Nbd7 17. Bc1 Qe7 18. Qb3 Ne4 19. Nxd5 Qe6 20. Bc4 Qg6 21. Ba3 Qf5 22. Rfc1 Rac8 23. Bxd6 cxd6 24. Nf4 Rxc4 25. Rxc4 g5 26. Rc7 Ba8 27. Nd3 Bd5 28. Qc2 Ndf6 {1-0 Chatalbashev,B (2552)-Docx,S (2427) Ghent Eastman op 40th 2017 (9)}) ({RR} 14. b4 Nb8 15. b5 Ne4 16. a4 a5 17. Bc1 c5 18. bxc6 Bc5 19. cxb7 Ra7 20. dxc5 Rxb7 21. Nxe4 {1-0 Klimkowski,J (2531)-Caruana,F (2804) Titled Tue 2nd Jan Early 2024 (7)}) ({RR} 14. b4 Nb8 15. Ne2 Nbd7 16. Ng3 g6 17. Bc3 Qe7 18. Rfc1 c6 19. Nd2 h5 20. Ngf1 Ne4 21. Bb2 h4 22. f3 Nxd2 23. Qxd2 Nf6 24. Re1 Nh5 25. e4 Bf4 26. Qf2 Qg5 27. e5 a5 28. Bc3 axb4 {½-½ Cramling,P (2452)-Haria,R (2490) Gibraltar Battle of the Sexes 2022 (3.2)}) 14... Nb8 15. b4 Nbd7 16. Qb3 Nf8 17. Rfc1 Ng6 18. Rc2 Ne4 19. Be1 Nf6 20. Bf1 h6 21. b5 a5 22. Kh1 Qd7 23. Bd3 Rad8 24. a4 Qe7 25. Bd2 Kh8 26. Bc1 Nf8 27. Ba3 Ng6 28. Bxd6 Rxd6 29. Bxg6 fxg6 30. Ne5 Nd7 31. Nd3 Nf6 32. Rac1 Rc8 33. Ne2 Kh7 34. Kg1 Ba8 35. Ne5 Ne8 36. Qd3 Rf6 37. Nf4 Qd6 38. Nexg6 Rxg6 39. Rc6 Bxc6 40. Rxc6 Kg8 41. Nxg6 Qd7 42. Ne5 Qe7 43. Ng6 Qf7 44. Qc2 Rd8 45. Nf4 Rd7 46. Nd3 Rd6 47. Ne5 Qe7 48. Rc3 Qe6 49. Qb3 Kh7 50. Nd3 Rd7 51. Rc6 Qe7 52. Nf4 Nf6 53. Qc2+ Kg8 54. Ne6 Ne8 55. Qg6 Rd6 56. Rxd6 Nxd6 57. Nf4 Qe4 58. Qxe4 dxe4 59. Nd5 Ne8 60. f3 exf3 61. gxf3 Kf7 62. Kf2 Ke6 63. e4 Kd7 64. Ke3 Nd6 65. Kd3 Nf7 66. h4 g5 67. h5 Nd8 68. Nf6+ Ke6 69. Ng4 Nf7 70. d5+ Ke7 71. e5 1-0

[Event "45th Olympiad 2024"]
[Site "Budapest HUN"]
[Date "2024.09.14"]
[Round "4.39"]
[Board "4"]
[White "Baules Rodriguez, Jorge Luis"]
[Black "Latorre, Matias"]
[Result "1/2-1/2"]
[WhiteElo "2271"]
[BlackElo "2264"]
[PlyCount "79"]
[EventDate "2024.09.11"]
[WhiteTeam "Panama"]
[BlackTeam "Paraguay"]
[WhiteTeamCountry "PAN"]
[BlackTeamCountry "PAR"]

1. e4 e6 2. d4 d5 3. exd5 exd5 4. Nf3 Nf6 5. Bd3 Be7 6. Bf4 O-O 7. O-O Bg4 8. Nbd2 Bd6 ({RR} 8... Nbd7 9. c3 Bh5 10. Re1 c6 {½-½ Petrov,M (2463)-Rychagov,A (2537) Plomari op 1st 2019 (6)}) ({RR} 8... Nbd7 9. c3 Nh5 10. Bg3 Nxg3 11. fxg3 Nf6 12. Qc2 Bh5 13. Ne5 Bg6 14. Nxg6 hxg6 15. Nf3 c5 16. Rae1 c4 17. Be2 b5 18. Ne5 Bd6 19. Bf3 a5 20. g4 Bc7 21. g5 Nh7 22. h4 Qd6 23. Bg4 {½-½ Farias,R (1721)-Da Silva,L 10th Floripa Open 2024 (7.130)}) 9. Bxd6 Qxd6 10. c3 Nbd7 11. Qc2 $146 ({RR} 11. Re1 Rfe8 12. Qc2 c6 13. Rac1 Qc7 14. Qb1 Rad8 15. Rxe8+ Rxe8 16. Re1 Rxe1+ 17. Qxe1 h6 18. h3 Be6 19. Nf1 Nh5 20. Ng3 Nxg3 21. fxg3 Nf6 22. g4 c5 23. Qe5 Qc8 24. g5 Nd7 25. Qf4 h5 {½-½ Zec,D (1565)-Juric Cvitanovic,K (1701) CRO-chT U16 9th 2014 (3.32)}) 11... Bxf3 12. Nxf3 Rfe8 13. Rae1 c6 14. g3 g6 15. a4 Rxe1 16. Rxe1 Re8 17. a5 Rxe1+ 18. Nxe1 Qe7 19. Nf3 Ne8 20. h4 Nef6 21. Qd2 Qd6 22. Qg5 Kg7 23. Ne5 Qe6 24. Nf3 Qd6 25. Kg2 b6 26. axb6 axb6 27. Ne5 Qe6 28. Nf3 Qd6 29. Qe3 Qe6 30. Qf4 b5 31. Ng5 Qe8 32. Qc7 h6 33. Nf3 Qe6 34. Kg1 Ne8 35. Qf4 Nef6 36. Kg2 Qe7 37. Qc7 Qe6 38. Qf4 Qe7 39. Qc7 Qe6 40. Qf4 1/2-1/2

[Event "45th Olympiad 2024"]
[Site "Budapest HUN"]
[Date "2024.09.14"]
[Round "4.40"]
[Board "1"]
[White "Tissir, Mohamed"]
[Black "Meier, Georg"]
[Result "0-1"]
[WhiteElo "2355"]
[BlackElo "2591"]
[PlyCount "90"]
[EventDate "2024.09.11"]
[WhiteTeam "Morocco"]
[BlackTeam "Uruguay"]
[WhiteTeamCountry "MAR"]
[BlackTeamCountry "URU"]

1. e4 e6 2. d4 d5 3. Nc3 Nf6 4. Bg5 dxe4 5. Nxe4 Nbd7 6. Nf3 h6 7. Nxf6+ Nxf6 8. Be3 Bd6 9. Bd3 O-O 10. Qe2 b6 11. O-O-O Bb7 12. Rhg1 ({RR} 12. Ne5 Nd5 13. Bd2 Qh4 14. Qe4 Qxe4 15. Bxe4 b5 16. f4 Rfd8 17. Bf3 a5 18. Rhe1 c5 19. dxc5 Bxc5 20. a4 b4 21. Nc4 Ba6 22. Ne3 Bxe3 23. Bxe3 Nxe3 24. Rxe3 Rxd1+ 25. Kxd1 Rd8+ 26. Kc1 Bc4 {1-0 Naiditsch,A (2685)-Fridman,D (2645) EU-ch blitz 29th 2010 (11)}) ({RR} 12. Kb1 c5 13. c3 Nd5 14. Bc2 Qc7 15. Bc1 Rfd8 16. h4 Bf4 17. Be3 Nf6 18. Rh3 Rac8 19. g4 Nxg4 20. Rg1 h5 21. dxc5 Bxe3 22. fxe3 Bxf3 23. Rxf3 Qxc5 24. Rfg3 Qe5 25. Qg2 Rd7 26. Bd1 f5 {0-1 Narayanan,S (2529)-Meier,G (2626) Wch Rapid Moscow 2019 (2)}) 12... Nd5 13. g4 Nb4 $146 ({RR} 13... Nf4 14. Bxf4 Bxf4+ 15. Kb1 Qf6 16. Ne5 Rad8 17. g5 hxg5 18. h4 Bxe5 19. dxe5 Qf3 20. Qd2 g4 21. Rg3 Qd5 22. Qg5 f5 23. Qh5 Qxe5 24. Rxg4 Bf3 25. Rxg7+ Qxg7 26. Qxf3 Qg4 27. Qh1 Kh8 28. Rg1 {1-0 Kollars,D (2621)-Iskusnyh,S (2473) Speed Chess GP1 blitz 2021 (7)}) ({RR} 13... Nf4 14. Bxf4 Bxf4+ 15. Kb1 Qd5 16. Ne5 Bxh2 17. g5 Bxg1 18. Rxg1 Qxd4 19. gxh6 g6 20. Nxg6 fxg6 21. Qxe6+ Kh8 22. Qxg6 Qd7 23. Qg7+ Qxg7 24. hxg7+ Kg8 25. gxf8=Q+ Kxf8 26. Bc4 Ke7 27. Re1+ Kd6 28. Re6+ {1-0 Chirilov,J (2082)-Tang,B (2324) Charlotte Spring IMB 2024 (7.2)}) 14. g5 Nxd3+ 15. Qxd3 h5 16. Qe2 Qe8 17. Ne5 Be4 18. Kb1 Bxe5 19. dxe5 Qc6 20. Rd4 Rad8 21. Rc1 Rxd4 22. Bxd4 Rd8 23. Bc3 h4 24. a3 Bf3 25. Qe3 Qe4 26. Qxe4 Bxe4 27. Rg1 Bf3 28. Kc1 Kh7 29. b3 Kg6 30. Bd2 Rd4 31. Re1 Rg4 32. Re3 Rg1+ 33. Kb2 Bd5 34. c4 Bc6 35. Rh3 Kh5 36. Kc3 Be4 37. Re3 Bf5 38. Rf3 c5 39. b4 Ra1 40. Kb2 Rh1 41. bxc5 bxc5 42. Be3 Rxh2 43. Bxc5 h3 44. Rf4 Rh1 45. Be7 h2 0-1

[Event "45th Olympiad 2024"]
[Site "Budapest HUN"]
[Date "2024.09.14"]
[Round "4.40"]
[Board "2"]
[White "Vazquez, Facundo"]
[Black "Elbilia, Jacques"]
[Result "1/2-1/2"]
[WhiteElo "2388"]
[BlackElo "2343"]
[PlyCount "107"]
[EventDate "2024.09.11"]
[WhiteTeam "Uruguay"]
[BlackTeam "Morocco"]
[WhiteTeamCountry "URU"]
[BlackTeamCountry "MAR"]

1. d4 Nf6 2. c4 e6 3. Nc3 d5 4. cxd5 exd5 5. Bg5 Bb4 6. e3 h6 7. Bh4 Bf5 8. Qa4+ $146 ({RR} 8. Qb3 Nc6 9. a3 Bxc3+ 10. bxc3 g5 11. Bg3 Rb8 12. Nf3 Ne4 13. Be2 Be6 14. Nd2 Nxg3 15. hxg3 Ne7 16. Bd3 f5 17. Qc2 Qd7 18. Nf3 Ng6 19. g4 Nh4 20. Nxh4 gxh4 21. gxf5 Bf7 22. Rxh4 Qe7 {1-0 Marjanovic,S (2070)-Vivoda,S Nova Gorica op 02nd 1997 (5)}) ({RR} 8. Bd3 Bxd3 9. Qxd3 c6 10. Nf3 Nbd7 11. O-O O-O 12. Ne5 Be7 13. f4 Nxe5 14. fxe5 Nd7 15. Bg3 Bh4 16. Bf4 Qe8 17. e4 dxe4 18. Nxe4 Qe6 19. Nd6 f5 20. Be3 Qd5 21. Rad1 Be7 22. Nxf5 Rf7 {1-0 Caruana,F (2793)-Nepomniachtchi,I (2767) Saint Louis Blitz 2024 (15.2)}) ({RR} 8. Qf3 Be4 9. Bxf6 Qd6 10. Qh3 Qxf6 11. Qc8+ Qd8 12. Qxb7 Bxc3+ 13. bxc3 Nd7 14. Nf3 O-O 15. Qc6 Rb8 16. Bb5 Nf6 17. O-O Rb6 18. Qc5 Ng4 19. h3 Rg6 20. Ne1 Bxg2 21. Nxg2 {1-0 Geirnaert,S (2438)-De Waele,W (2365) ch-BEL 2024 Lier BEL (4.3)}) ({RR} 8. Bd3 Bxd3 9. Qxd3 g5 10. Bg3 Ne4 11. Nge2 Nc6 12. O-O Nxg3 13. Nxg3 Qd7 14. Rac1 O-O 15. f4 g4 16. f5 f6 17. Rf4 Qg7 18. Nxd5 Bd6 19. Rff1 Bxg3 20. hxg3 Rfe8 21. b4 Rad8 22. e4 a6 {0-1 Bures,V (2121)-Kovacs,K (2187) Titled Tuesday intern op 04th Jan blitz 2022 (5)}) 8... Nc6 9. Bb5 O-O 10. Nge2 Qd6 11. O-O Bxc3 12. Nxc3 Ne7 13. Qb3 c6 14. Be2 g5 15. Bg3 Qd7 16. Qa3 Bg6 17. Qd6 Qxd6 18. Bxd6 Rfe8 19. h3 a5 20. Rfc1 Ne4 21. Nxe4 Bxe4 22. a4 Nc8 23. Bc5 Bf5 24. Rc3 Bd7 25. Rac1 Kg7 26. Kf1 Kg6 27. Ke1 f5 28. Kd2 Rb8 29. Rb3 b6 30. Ba6 b5 31. Bxc8 Rexc8 32. Bd6 Rb7 33. Rc5 Kf7 34. axb5 Rxb5 35. Kc3 Ke6 36. Bg3 Ra8 37. h4 Ra6 38. hxg5 hxg5 39. Ra3 a4 40. Bc7 Ra7 41. Bd8 g4 42. b4 Rb8 43. Ba5 Rh8 44. Ra1 Rh2 45. Rg1 Kd6 46. Bd8 Rh8 47. Bf6 Rha8 48. Ra1 Bc8 49. Be5+ Kd7 50. Ra3 Ba6 51. Rxa4 Bb5 52. Rxa7+ Rxa7 53. Kb2 Ra4 54. Rc3 1/2-1/2

[Event "45th Olympiad 2024"]
[Site "Budapest HUN"]
[Date "2024.09.14"]
[Round "4.40"]
[Board "3"]
[White "Ouakhir, Mehdi Pierre"]
[Black "Roselli Mailhe, Bernardo"]
[Result "1-0"]
[WhiteElo "2191"]
[BlackElo "2362"]
[PlyCount "85"]
[EventDate "2024.09.11"]
[WhiteTeam "Morocco"]
[BlackTeam "Uruguay"]
[WhiteTeamCountry "MAR"]
[BlackTeamCountry "URU"]

1. g4 d5 2. Bg2 c6 3. g5 h6 4. h4 hxg5 5. hxg5 Rxh1 6. Bxh1 e5 7. d4 ({RR} 7. d3 Bd6 8. c4 d4 9. Nf3 Ne7 10. Nbd2 Bf5 11. Nh4 g6 12. a3 a5 13. Ne4 Bxe4 14. Bxe4 Nd7 15. Rb1 Nc5 16. b4 axb4 17. axb4 Nxe4 18. dxe4 Qd7 19. Qd3 Qg4 20. Nf3 Ra2 21. Qb3 Ra8 {0-1 Zhigalko,S (2572)-Pichot,A (2644) Titled Tue 19th Mar Late 2024 (10)}) 7... e4 8. c4 Bd6 $146 ({RR} 8... Qc7 9. Bg2 Qh2 10. Kf1 Ne7 11. Qb3 Qc7 12. Nc3 Be6 13. Nh3 Qb6 14. Nf4 Qxb3 15. axb3 Na6 16. Nxe6 fxe6 17. Be3 Nb4 18. Ra4 Nc2 19. c5 Nf5 20. b4 Ncxe3+ 21. fxe3 Nxe3+ 22. Kf2 Nc4 23. b5 {0-1 Omariev,M (2304)-Erzhanov,A (2229) Titled Tuesday intern op 19th Jan blitz 2021 (3)}) ({RR} 8... Be6 9. Nc3 Ne7 10. Bg2 Nf5 11. cxd5 cxd5 12. Nh3 Nc6 13. Nf4 Nfxd4 14. g6 Bb4 15. Bd2 Qd7 16. a3 Ba5 17. b4 Bc7 18. Be3 Bxf4 19. Bxf4 a6 20. Na4 fxg6 21. Nb6 Qf7 22. Be3 Nf5 23. Nxa8 {1-0 Rakitin,D (2176)-Bold,A (2215) Titled Tue 7th May Late 2024 (2)}) ({RR} 8... Be6 9. Nc3 Bd6 10. Qb3 Qd7 11. f4 Ne7 12. c5 Bxc5 13. dxc5 d4 14. Qc2 dxc3 15. Qxc3 Na6 16. Bd2 O-O-O 17. O-O-O Nd5 18. Qd4 e3 19. Ba5 Rh8 20. Nf3 Qe7 21. b4 Nac7 22. Qxg7 Re8 23. Ne5 {1-0 Omariev,M (2304)-Rychagov,A (2545) Titled Tuesday intern op 15th June blitz 2021 (1)}) 9. Nc3 Ne7 10. f3 Bh2 11. Kf1 Qd6 12. fxe4 dxe4 13. Nxe4 Qg6 14. Bg2 Bc7 15. Qe1 Nf5 16. Qf2 Na6 17. Bf4 Bxf4 18. Qxf4 Kf8 19. Nf3 Qe6 20. Kf2 Ne7 21. Rh1 Ng6 22. Qd6+ Qxd6 23. Nxd6 Ke7 24. c5 Bd7 25. Nh4 Nxh4 26. Rxh4 Nc7 27. Nxb7 Rb8 28. Na5 Rxb2 29. Nxc6+ Bxc6 30. Bxc6 Ne6 31. Re4 Rb4 32. Ke3 g6 33. Bd5 Kd7 34. Bxe6+ fxe6 35. d5 Rb5 36. Rxe6 Rxc5 37. Kd4 Rc2 38. e4 Rxa2 39. Rxg6 a5 40. Ra6 Rg2 41. g6 a4 42. g7 a3 43. Ra7+ 1-0

[Event "45th Olympiad 2024"]
[Site "Budapest HUN"]
[Date "2024.09.14"]
[Round "4.40"]
[Board "4"]
[White "Coppola, Claudio"]
[Black "Moayad, Anas"]
[Result "0-1"]
[WhiteElo "2286"]
[BlackElo "2016"]
[PlyCount "156"]
[EventDate "2024.09.11"]
[WhiteTeam "Uruguay"]
[BlackTeam "Morocco"]
[WhiteTeamCountry "URU"]
[BlackTeamCountry "MAR"]

1. d4 Nf6 2. c4 e6 3. g3 c5 4. Nf3 cxd4 5. Nxd4 d5 6. Bg2 e5 7. Nf3 d4 8. O-O Nc6 9. e3 Be7 10. exd4 exd4 11. Bf4 O-O 12. Ne5 Nxe5 13. Bxe5 Bc5 14. b4 ({RR} 14. Nd2 Ng4 15. Bf4 g5 16. Nb3 gxf4 17. Nxc5 fxg3 18. hxg3 Qd6 19. Ne4 Qh6 20. Re1 Be6 21. Qxd4 Rad8 22. Qc5 f5 23. Nc3 Rc8 24. Qe7 Qh2+ 25. Kf1 Bxc4+ 26. Ne2 Rce8 27. Qg5+ Kh8 28. Qd2 f4 {0-1 Gelfand,B (2729)-Inarkiev,E (2702) Nazran Tower of Concord rapid m2 2017 (5)}) ({RR} 14. Nd2 Nd7 15. Bf4 Nf6 16. Nb3 Qb6 17. Be5 Bg4 18. Qd2 Rad8 19. Qf4 Be2 20. Bc7 Qxc7 21. Qxc7 Bb6 22. Qxb7 Bxf1 23. Rxf1 d3 24. c5 Rd7 25. Qxd7 Nxd7 26. cxb6 Nxb6 27. Rd1 Rd8 28. Bf1 Nc4 {1-0 Iskusnyh,S (2440)-Allahverdiyeva,A (2174) Titled Tue 10th Sep Early 2024 (11)}) 14... Bxb4 15. Qxd4 Qxd4 16. Bxd4 Rd8 $146 ({RR} 16... Be6 17. Nc3 Bxc4 18. Rfb1 Bxc3 19. Bxc3 Nd5 20. Bd4 b5 21. a4 a6 22. axb5 axb5 23. Rxa8 Rxa8 24. Bxd5 Bxd5 25. Rxb5 Be6 26. Be5 {½-½ Orian,N (1999)-Yaniv,O (2117) Dov Porat Rapid A 2023 (2.14)}) 17. Bc3 Bxc3 18. Nxc3 Be6 19. Rfb1 Rac8 20. Rxb7 Rxc4 21. Nd1 a5 22. Ne3 Rcd4 23. Ra7 a4 24. Bc6 Bd7 25. Bxd7 R8xd7 26. Rc1 g6 27. Ra5 Rb4 28. a3 Rb2 29. Rxa4 Ra2 30. Rc2 Ra1+ 31. Kg2 Kg7 32. Rb2 h5 33. h3 Rd3 34. Nc2 Rc1 35. Ra7 Ne8 36. Ne3 Ra1 37. Rb8 Nd6 38. Rd8 Nb5 39. Rxd3 Nxa7 40. Nc2 Ra2 41. Nd4 Kf6 42. Kf3 Nc8 43. Nb5 Ke7 44. Rc3 Kd8 45. Rb3 Kd7 46. Nc3 Rc2 47. a4 Kc6 48. a5 Rc1 49. Na2 Ra1 50. Rb2 Rd1 51. Rc2+ Kd7 52. Ke3 Rb1 53. Nc3 Rb7 54. Ne4 Ra7 55. Rc5 f5 56. Nd2 Nd6 57. Kf4 Nb7 58. Rb5 Nd6 59. Rc5 Nb7 60. Re5 Nxa5 61. Kg5 Nc6 62. Re3 Ne7 63. Nf3 Ra6 64. Ne5+ Ke8 65. Rb3 Kf8 66. Rb8+ Kg7 67. Rb7 Kf8 68. f4 Re6 69. Rb8+ Kg7 70. Re8 Kh7 71. Nc6 Rxc6 72. Rxe7+ Kg8 73. Kh6 Kf8 74. Rg7 g5+ 75. Rg6 Rxg6+ 76. Kxg6 h4 77. fxg5 hxg3 78. Kxf5 g2 0-1

[Event "45th Olympiad 2024"]
[Site "Budapest HUN"]
[Date "2024.09.14"]
[Round "4.41"]
[Board "1"]
[White "Volodin, Aleksandr"]
[Black "Tan, Jun Ying"]
[Result "1/2-1/2"]
[WhiteElo "2457"]
[BlackElo "2322"]
[PlyCount "79"]
[EventDate "2024.09.11"]
[WhiteTeam "Estonia"]
[BlackTeam "Malaysia"]
[WhiteTeamCountry "EST"]
[BlackTeamCountry "MAS"]

1. d4 d5 2. c4 c6 3. Nf3 Nf6 4. e3 Bf5 5. Nc3 a6 6. Ne5 Nbd7 7. Qb3 Qc7 8. cxd5 Nxe5 9. dxe5 Nxd5 10. Nxd5 cxd5 11. Bd2 Qxe5 12. Rc1 Bd7 13. f4 ({RR} 13. Bd3 f6 14. Qxb7 Rb8 15. Qxa6 Qxb2 16. Ke2 Kf7 17. a4 Qe5 18. Qa7 Be6 19. a5 g6 20. Rc7 Rb2 21. Qc5 Bg4+ 22. f3 Bf5 23. a6 Bh6 24. Rc1 Bxd3+ 25. Kxd3 Re8 26. a7 Ra2 27. Rc2 Ra1 {½-½ Bustos Bernardo,S (2188)-Admiraal,M (2471) 50th La Roda Open 2024 (6.7)}) 13... Qb8 14. Qxd5 e6 15. Qf3 $146 ({RR} 15. Qg5 Qd8 16. Qxd8+ Rxd8 17. Rc7 Rb8 18. Bc3 Bd6 19. Rc4 f6 20. Be2 Ke7 21. Bb4 Bxb4+ 22. Rxb4 b5 23. Kd2 Bc6 24. Rc1 Rhd8+ 25. Rd4 Rxd4+ 26. exd4 Kd6 27. g3 Bd5 28. a3 Rg8 29. Bd3 h5 {0-1 Sarana,A (2662)-Le,T (2542) Titled Tuesday intern op 06th Sep Early blitz 2022 (7)}) 15... Bd6 16. Bc3 O-O 17. Bd3 f5 18. O-O Bc6 19. Qg3 Rf7 20. Rfd1 Bf8 21. Bc4 Qe8 22. Qe1 Rd7 23. Rxd7 Qxd7 24. Rd1 Qf7 25. Qg3 Re8 26. h3 Re7 27. Rd8 Re8 28. Rd2 Re7 29. Qg5 h6 30. Qg3 Rd7 31. Rd4 Kh7 32. Kh2 Bc5 33. Rxd7 Bxd7 34. Bd4 Bxd4 35. exd4 Bc6 36. Qe3 Be4 37. Qb3 Qg6 38. Qg3 Qf6 39. Qe3 Qg6 40. Qg3 1/2-1/2

[Event "45th Olympiad 2024"]
[Site "Budapest HUN"]
[Date "2024.09.14"]
[Round "4.41"]
[Board "2"]
[White "Wong, Jianwen"]
[Black "Seeman, Tarvo"]
[Result "1/2-1/2"]
[WhiteElo "2231"]
[BlackElo "2375"]
[PlyCount "130"]
[EventDate "2024.09.11"]
[WhiteTeam "Malaysia"]
[BlackTeam "Estonia"]
[WhiteTeamCountry "MAS"]
[BlackTeamCountry "EST"]

1. c4 e5 2. e3 d6 3. Nc3 g6 4. g3 Bg7 5. Bg2 Nf6 6. Nge2 O-O 7. O-O Nbd7 8. b4 a5 9. b5 Nb6 10. d3 e4 ({RR} 10... h5 11. h3 a4 12. Ba3 Re8 13. Rb1 e4 14. Rb4 exd3 15. Qxd3 Nfd7 16. Nd5 Nxd5 17. Qxd5 Nb6 18. Qd1 Be6 19. Bxb7 Bxh3 20. Bg2 Bxg2 21. Kxg2 Qe7 22. Qd3 Rad8 23. Bb2 d5 24. Bxg7 Qxb4 25. Bc3 {0-1 Martinez Fernandez,A (2404)-Maltsevskaya,A (2404) Titled Tue 13th Aug Late 2024 (11)}) 11. dxe4 Nxc4 12. h3 $146 ({RR} 12. Nd4 Nd7 13. Qe2 Ndb6 14. Rd1 Re8 15. Nd5 Bd7 16. Nxb6 Nxb6 17. Ba3 Bxd4 18. Rxd4 Re5 19. f4 Rxb5 20. Rad1 Qe8 21. e5 d5 22. e4 c5 23. Rxd5 Nxd5 24. exd5 Ra6 25. Bb2 Rab6 26. Bc3 Rb1 {1-0 Ten Hertog,H (2457)-De Boer,E (2130) Hilversum op 2017 (3)}) 12... Re8 13. Nd4 Nb6 14. Bb2 Nc4 15. Bc1 Nb6 16. Qe2 Nfd7 17. Bb2 a4 18. Ba3 Nc5 19. Rfd1 Qe7 20. Rac1 Be6 21. Nxe6 Qxe6 22. Nd5 Nxd5 23. exd5 Qe7 24. Rc4 b6 25. Qc2 Ra5 26. Rb1 Qd7 27. Rcb4 f5 28. h4 h5 29. Bf3 Qf7 30. Rc4 Be5 31. Kg2 Qf6 32. Be2 Qf7 33. Rd1 Kh7 34. Bxc5 dxc5 35. Rxa4 Rxa4 36. Qxa4 Bd6 37. Bf3 Qf6 38. Qc2 Qe5 39. Rc1 Kg7 40. Qb3 Ra8 41. a4 Qf6 42. Rc4 Qe5 43. Qa2 Kh6 44. Qd2 Kg7 45. Bd1 Re8 46. Bc2 Qb2 47. Qd3 Qe5 48. Bb1 Qb2 49. e4 fxe4 50. Rxe4 Rxe4 51. Qxe4 Qf6 52. Bd3 Be5 53. f3 Bd6 54. Kh3 Be7 55. Kg2 Bd6 56. Bc2 Kf7 57. Kh3 Kg7 58. Bd3 Be7 59. Qe3 Bd6 60. f4 Kf7 61. Qe2 Kg7 62. f5 c4 63. Bc2 Qc3 64. Qf2 gxf5 65. Bxf5 Qe5 1/2-1/2

[Event "45th Olympiad 2024"]
[Site "Budapest HUN"]
[Date "2024.09.14"]
[Round "4.41"]
[Board "3"]
[White "Kanep, Meelis"]
[Black "Kavin Mohan"]
[Result "1-0"]
[WhiteElo "2367"]
[BlackElo "1997"]
[PlyCount "99"]
[EventDate "2024.09.11"]
[WhiteTeam "Estonia"]
[BlackTeam "Malaysia"]
[WhiteTeamCountry "EST"]
[BlackTeamCountry "MAS"]

1. d4 Nf6 2. Nf3 d5 3. e3 c5 4. Bd3 Nc6 5. h3 g6 6. O-O cxd4 7. exd4 Bg7 8. c3 Bf5 9. Bxf5 ({RR} 9. Re1 Bxd3 10. Qxd3 O-O 11. Bf4 e6 12. Nbd2 Rc8 13. Ne5 Nd7 14. Nxd7 Qxd7 15. h4 f6 16. Nf3 Rfe8 17. Rad1 e5 18. dxe5 fxe5 19. Bg3 e4 20. Rxe4 Rxe4 21. Qxe4 dxe4 22. Rxd7 exf3 23. Rxb7 fxg2 {½-½ Vachier Lagrave,M (2718)-Niemann,H (2703) chess.com SpeedChess 2024 (1.21)}) 9... gxf5 10. Bf4 ({RR} 10. Qd3 e6 11. Re1 O-O 12. Bg5 Qb6 13. Bxf6 Bxf6 14. b3 Kh8 15. Nbd2 Rg8 16. Ne5 Bxe5 17. dxe5 Rg6 18. Nf3 Rag8 19. g3 Rxg3+ 20. Kf1 Rxh3 21. Ke2 Rg2 22. Qe3 Qxe3+ 23. Kxe3 Nxe5 {0-1 Annapureddy,R (1986)-Kashefi,A (2190) Titled Tue 7th May Early 2024 (2)}) 10... e6 11. Qb3 $146 ({RR} 11. Nbd2 Ne4 12. Ne1 Qh4 13. Nd3 Bh6 14. Nf3 Qh5 15. Bxh6 Qxh6 16. Qc1 Qxc1 17. Rfxc1 Ke7 18. Nfe1 Rhg8 19. Nf4 Na5 20. Ned3 Nc4 21. Rc2 Rac8 22. Re1 Rg5 23. f3 Nf6 24. Nc5 b6 25. Ncd3 Kd7 {0-1 Szpar,M (2434)-Licznerski,L (2439) POL-ch Lotto Loser Final 79th rapid 2022 (5.1)}) ({RR} 11. Nbd2 Ne4 12. Re1 Rg8 13. Ne5 Nxe5 14. dxe5 Bf8 15. Nxe4 fxe4 16. c4 Bc5 17. cxd5 exd5 18. e6 fxe6 19. Qh5+ Kd7 20. Qxh7+ Kc6 21. Rac1 b6 22. b4 Qf6 23. Be3 Rg7 24. Qh6 Rg6 25. Qf4 Qg7 {1-0 Cagara,P (2045)-Anusca,M (2003) Titled Tuesday intern op 05th Oct blitz 2021 (10)}) 11... Qd7 12. Ne5 Nxe5 13. Bxe5 O-O 14. Nd2 Rac8 15. a4 Ne4 16. Nf3 Bh6 17. Bh2 f6 18. Qb5 Qg7 19. Qe2 Rce8 20. Kh1 Kh8 21. Rad1 Rg8 22. Ne1 Qg5 23. f3 Ng3+ 24. Bxg3 Qxg3 25. Qf2 Bf4 26. Qxg3 Bxg3 27. f4 e5 28. dxe5 fxe5 29. fxe5 Rxe5 30. Nf3 Re2 31. Rxd5 Rxb2 32. Rxf5 h6 33. Nd4 Bd6 34. R5f2 Rxf2 35. Rxf2 Re8 36. g4 Re3 37. Rf3 Rxf3 38. Nxf3 a6 39. c4 Kg7 40. Kg2 h5 41. gxh5 Kh6 42. Kf2 Kxh5 43. Ke3 Kg6 44. Ke4 Kf6 45. Kd5 Bf4 46. Nd4 Be3 47. Ne6 b6 48. Nc7 a5 49. Na8 b5 50. cxb5 1-0

[Event "45th Olympiad 2024"]
[Site "Budapest HUN"]
[Date "2024.09.14"]
[Round "4.41"]
[Board "4"]
[White "Azhar, Muhd Syakir Shazmeer"]
[Black "Timoshin, Andrei"]
[Result "1-0"]
[WhiteElo "2086"]
[BlackElo "2230"]
[PlyCount "81"]
[EventDate "2024.09.11"]
[WhiteTeam "Malaysia"]
[BlackTeam "Estonia"]
[WhiteTeamCountry "MAS"]
[BlackTeamCountry "EST"]

1. e4 c6 2. d4 d5 3. e5 c5 4. dxc5 e6 5. a3 Bxc5 6. b4 Bb6 7. Nf3 Ne7 8. Bb2 a5 9. Nbd2 ({RR} 9. b5 a4 10. Nbd2 Nd7 11. Bd3 Nc5 12. O-O Nxd3 13. cxd3 Bd7 14. Bd4 Bxb5 15. Rb1 Bxd4 16. Rxb5 Nc6 17. Nxd4 Nxd4 18. Rxb7 O-O 19. Rb4 Nc6 20. Rxa4 Nxe5 21. d4 Nc6 22. Nf3 Qb6 23. Qc2 h6 {1-0 Parpiev,I (2305)-Seo,J (2478) Titled Tue 20th Aug Early 2024 (4)}) 9... O-O 10. Bd3 Ng6 11. Bxg6 ({RR} 11. h4 axb4 12. axb4 Rxa1 13. Qxa1 Na6 14. Qa3 h6 15. h5 Ne7 16. O-O Nf5 17. c4 Ng3 18. c5 Nxf1 19. Nxf1 Ba7 20. Bb1 Re8 21. Ne3 Qc7 22. Ng4 Kf8 23. Qd3 Nxb4 24. Qh7 Qxc5 25. Qh8+ Ke7 {½-½ Nasuta,G (2531)-Movsesian,S (2627) CZE-chT 2122 2021 (14.1)}) 11... hxg6 $146 ({RR} 11... fxg6 12. O-O axb4 13. axb4 Rxa1 14. Qxa1 Rf4 15. Bd4 Bd7 16. b5 Qc7 17. g3 Rf8 18. Bxb6 Qxb6 19. Nd4 Rc8 20. Rc1 g5 21. c4 h6 22. Rd1 Qc5 23. N2b3 Qxc4 24. Rc1 Qb4 25. Rxc8+ Bxc8 26. Qa8 {0-1 Conde Riveiro,X (1705)-Luque Saiz,A (2131) ESP-ch U18 Salobrena 2021 (1)}) 12. c4 axb4 13. axb4 Rxa1 14. Qxa1 Nc6 15. b5 Ne7 16. O-O Bd7 17. Ba3 Bc7 18. Qb2 f6 19. cxd5 exd5 20. Qb4 Re8 21. exf6 gxf6 22. Qd4 Kf7 23. Bb2 Nf5 24. Qxd5+ Be6 25. Qxb7 Qd7 26. Qa6 Rb8 27. Qa1 Bd8 28. Ne4 Qxb5 29. Bxf6 Bd5 30. Bxd8 Bxe4 31. Ng5+ Kg8 32. Nxe4 Rxd8 33. Qf6 Qe8 34. Qxf5 gxf5 35. Nf6+ Kf7 36. Nxe8 Rxe8 37. g3 f4 38. Kg2 Re4 39. Kf3 Ra4 40. Re1 fxg3 41. hxg3 1-0

[Event "45th Olympiad 2024"]
[Site "Budapest HUN"]
[Date "2024.09.14"]
[Round "4.42"]
[Board "1"]
[White "Henderson de La Fuente, Lance"]
[Black "Ahmad, Al Khatib"]
[Result "1-0"]
[WhiteElo "2519"]
[BlackElo "2302"]
[PlyCount "63"]
[EventDate "2024.09.11"]
[WhiteTeam "Andorra"]
[BlackTeam "Jordan"]
[WhiteTeamCountry "AND"]
[BlackTeamCountry "JOR"]

1. e4 e5 2. Nf3 Nc6 3. Bb5 a6 4. Ba4 d6 5. O-O Bd7 6. a3 ({RR} 6. Nc3 g6 7. d4 exd4 8. Bxc6 bxc6 9. Qxd4 f6 10. Qc4 Bg7 11. b4 a5 12. b5 c5 13. b6 cxb6 14. Bf4 Nh6 15. Bxd6 Nf7 16. Nb5 {½-½ Wei Yi (2722)-Xu,Z (2508) 2nd Hua Yi Cup CHN Rapid 2023 (2.4)}) 6... g6 ({RR} 6... Be7 7. Nc3 Nf6 8. d4 b5 9. Bb3 exd4 10. Nxd4 Ne5 11. f4 Nc6 12. Nxc6 Bxc6 13. e5 dxe5 14. fxe5 Qxd1 15. Nxd1 Nd5 16. c4 bxc4 17. Bxc4 Bc5+ 18. Kh1 O-O 19. Bxd5 Bxd5 20. Be3 Be7 21. Rc1 {0-1 Dobrowolski,K (1795)-Ptacek,L (2036) 35th Czech Rapid G1 2024 (6.28)}) 7. d3 Bg7 8. Bb3 $146 ({RR} 8. Nc3 Nge7 9. Be3 O-O 10. Qc1 Nd4 11. Bxd4 exd4 12. Bxd7 dxc3 13. bxc3 Qxd7 14. d4 d5 15. e5 c5 {0-1 Vetoshko,V (2503)-Demchenko,A (2628) Titled Tuesday intern op 7th March blitz 2017 (9)}) 8... Nf6 9. h3 O-O 10. Be3 h6 11. Nc3 Nh5 12. Qd2 g5 13. d4 Nf4 14. dxe5 Nxe5 15. Nxe5 Bxe5 16. Nd5 Nxd5 17. Bxd5 c6 18. Bb3 Qe7 19. f4 Bxb2 20. Rae1 Bf6 21. e5 dxe5 22. fxg5 Bxg5 23. Qc3 Bxe3+ 24. Rxe3 Rae8 25. Ref3 Be6 26. Rf6 Bxb3 27. cxb3 e4 28. Qg3+ Kh7 29. Qe3 Qe5 30. Qxh6+ Kg8 31. R1f5 Qd4+ 32. Kh2 1-0